French Revolution - Statistics

General Stats
  • This quiz has been taken 123 times
  • The average score is 16 of 20
Answer Stats
Question Answer % Correct
What is considered the starting point of the French Revolution? The Storming of the Bastille
100%
How did Marie Antoinette die? executed by guillotine
96%
Who was King of France when the French Revolution began? King Louis XVI
96%
Who was Marie Antoinette's husband? King Louis XVI
96%
Which battle marked the end of the Napoleonic Wars? Battle of Waterloo
92%
Napoleon was born on what Mediterranean island? Corsica
92%
Who was the main French leader during the Reign of Terror? Maximilien Robespierre
92%
Who establishes the French Consulate and brought an end to the French Revolution in 1799? Napoleon Bonaparte
88%
Who was fighting in both American and French Revolutionary Wars and earned the nickname "The Hero of Two Worlds?" Marquis de Lafayette
85%
Where did Napoleon die after six years of exile on May 5, 1821? Saint Helena
85%
What were the people during the Women's March on Versailles protesting? the price of bread
85%
Admiral Lord Nelson led the British Navy in which of these battles? Battle of Trafalgar
81%
Who won the Battle of Trafalgar in 1805? Britain
81%
Napoleon's invasion of what country turned out to be his downfall? Russia
81%
Which of the following best describes the Second Estate during French Revolution? Nobility
77%
A scandal over what item damaged Marie Antoinette's reputation with the people? diamond necklace
69%
Who won the Battle of Austerlitz? France
62%
What was the name of the government that was formed in France after the revolution? Consulate
42%
Who was the commander of Russian army in the Battle of Borodino? Mikhail Kutuzov
38%
In which modern-day country occurred the Battle of Austerlitz in 1805? Czech Republic
27%
No matching quizzes found
Score Distribution
Percent of People with Each Score
Percentile by Number Answered
Your Score History
You have not taken this quiz